书目信息 |
| 题名: |
高压电工实用技术
|
|
| 作者: | 郭仲礼 主编 | |
| 分册: | ||
| 出版信息: | 北京 机械工业出版社 2000 |
|
| 页数: | 25,762页 | |
| 开本: | 20cm | |
| 丛书名: | ||
| 单 册: | ||
| 中图分类: | TM8 | |
| 科图分类: | ||
| 主题词: | 高电压 , 电工 , 高电压--电工--技术 | |
| 电子资源: | ||
| ISBN: | 7-111-03188-1 | |
| 000 | 00772nam0 2200253 45 | |
| 001 | 070000033801 | |
| 005 | 20051009090057.34 | |
| 010 | @a7-111-03188-1@dCNY39.00 | |
| 100 | @a20050122d2000 ekmy0chiy0120 ea | |
| 101 | 0 | @achi |
| 102 | @aCN@b110000 | |
| 105 | @ay z 000yy | |
| 200 | 1 | @a高压电工实用技术@9gao ya dian gong shi yong ji shu@f郭仲礼主编@Fguo zhong li zhu bian |
| 205 | @a2版 | |
| 210 | @a北京@c机械工业出版社@d2000 | |
| 215 | @a25,762页@d20cm | |
| 330 | @a本书主要内容有电工基本知识;电力系统与电力网;高压电器及高压配电装置;电力变压器;仪用互感器等。 | |
| 606 | @a高电压 | |
| 606 | @a电工 | |
| 606 | @a高电压@x电工@x技术 | |
| 690 | @aTM8@v4 | |
| 701 | 0 | @a郭仲礼@Aguo zhong li@4主编 |
| 801 | 0 | @aCN@bTSSF@c20051009 |
| 905 | @a10447@dTM8@e5=2 | |
| 高压电工实用技术/郭仲礼主编.-2版.-北京:机械工业出版社,2000 |
| 25,762页;20cm |
| ISBN 7-111-03188-1:CNY39.00 |
| 本书主要内容有电工基本知识;电力系统与电力网;高压电器及高压配电装置;电力变压器;仪用互感器等。 |
| ● |
| 相关链接 |
|
|
|
|
正题名:高压电工实用技术
索取号:TM8/5=2
 
预约/预借
| 序号 | 登录号 | 条形码 | 馆藏地/架位号 | 状态 | 备注 |
| 1 | 0364577 | 3645773 | 第二样本阅览室/ [索取号:TM8/5=2] | 在馆 | |
| 2 | 0364578 | 3645782 | 第三借阅区/ [索取号:TM8/5=2] | 在馆 | |
| 3 | 0364579 | 3645791 | 第三借阅区/ [索取号:TM8/5=2] | 在馆 | |
| 4 | 0364580 | 3645808 | 第三借阅区/ [索取号:TM8/5=2] | 在馆 |